Manufacturing engineering

Gespeichert in:
Bibliographische Detailangaben
Format: Schriftenreihe
Sprache:Englisch
Veröffentlicht: Dearborn : Society of Manufacturing Engineers
Schlagworte:
ISSN:0361-0853
Online-Zugang: Volltext
Tags: Tag hinzufügen
Keine Tags, Fügen Sie den ersten Tag hinzu!

MARC

LEADER 00000nas a2200000 4500
003 SK-BrCVT
005 20250130124350.0
008 060515u199u9999xxu e b eng
022 |a 0361-0853 
035 |a CVTIDW1223729 
040 |b slo  |a BA002  |e AACR2  |c CVTI SR  |d CVT 
041 0 |a eng 
044 |a xxu  |c US 
080 |a 621.865.8(05)  |2 UDC-MRF 
080 |a 681.5(05)  |2 UDC-MRF 
080 |a 007.52(05/)  |2 UDC-MRF 
245 1 0 |a Manufacturing engineering 
260 |a Dearborn :  |b Society of Manufacturing Engineers 
310 |a Mesačník 
500 |a Vo fonde od roku:1958 
500 |a Zmena názvu. Do r. 1960 Tool engineer; Do r. 1969 Tool Manufacturing Engineer; Do č.1/Vol.75/1975 Manufacturing Engineering and Management. 
500 |a  Od r. 1992 zrušený odber. 
653 1 |a automatizácia výroby  |a priemyselné roboty  |a manipulátory  |a strojárstvo 
655 4 |a časopisy  |9 34804 
910 |b C1257 
942 |2 udc  |c 15 
999 |c 138120  |d 138120 
974 |b Soňa Beutelhauserová